A fox jumped up one winter's night / (Record no. 2188)

MARC details
000 -LEADER
fixed length control field 01073nam a2200337 a 4500
001 - CONTROL NUMBER
control field 2188
003 - CONTROL NUMBER IDENTIFIER
control field FISKH
005 - DATE AND TIME OF LATEST TRANSACTION
control field 20231108151511.0
008 - FIXED-LENGTH DATA ELEMENTS--GENERAL INFORMATION
fixed length control field 841018s1985 nyuag j 000 0 eng
010 ## - LIBRARY OF CONGRESS CONTROL NUMBER
LC control number 84082597
020 ## - INTERNATIONAL STANDARD BOOK NUMBER
International Standard Book Number 030711631X :
020 ## - INTERNATIONAL STANDARD BOOK NUMBER
International Standard Book Number 0307606317 (lib. bdg.)
040 ## - CATALOGING SOURCE
Original cataloging agency DLC
Transcribing agency DLC
Modifying agency DLC
042 ## - AUTHENTICATION CODE
Authentication code lcac
050 00 - LIBRARY OF CONGRESS CALL NUMBER
Classification number PZ8.3.B2344
Item number Fo 1985
082 00 - DEWEY DECIMAL CLASSIFICATION NUMBER
Classification number 398/.8
Edition number 19
100 1# - MAIN ENTRY--PERSONAL NAME
Personal name Barbaresi, Nina.
245 12 - TITLE STATEMENT
Title A fox jumped up one winter's night /
Statement of responsibility, etc. adapted and illustrated by Nina Barbaresi.
250 ## - EDITION STATEMENT
Edition statement A Little Golden Book special ed.
260 ## - PUBLICATION, DISTRIBUTION, ETC.
Place of publication, distribution, etc. Racine :
Name of publisher, distributor, etc. Western,
Date of publication, distribution, etc. 1985.
300 ## - PHYSICAL DESCRIPTION
Extent 24 unnumbered pages :
Other physical details color illustrations ;
Dimensions 21 cm
505 ## - FORMATTED CONTENTS NOTE
Formatted contents note O<br/>
520 ## - SUMMARY, ETC.
Summary, etc. A fox hunts down dinner for his ten kits in this illustrated nursery rhyme accompanied by a musical score.
521 8# - TARGET AUDIENCE NOTE
Target audience note 600<br/>
Source Lexile estimate<br/>
521 8# - TARGET AUDIENCE NOTE
Target audience note O<br/>
Source Raz-Plus<br/>
650 #0 - SUBJECT ADDED ENTRY--TOPICAL TERM
Topical term or geographic name entry element Nursery rhymes.
650 #0 - SUBJECT ADDED ENTRY--TOPICAL TERM
Topical term or geographic name entry element Children's poetry.
650 #1 - SUBJECT ADDED ENTRY--TOPICAL TERM
Topical term or geographic name entry element Nursery rhymes.
906 ## - LOCAL DATA ELEMENT F, LDF (RLIN)
a 7
b cbc
c orignew
d 2
e opcn
f 19
g y-gencatlg
942 ## - ADDED ENTRY ELEMENTS (KOHA)
Source of classification or shelving scheme Dewey Decimal Classification
Koha item type Books
Suppress in OPAC No
Holdings
Withdrawn status Lost status Source of classification or shelving scheme Damaged status Not for loan Collection Home library Current library Shelving location Date acquired Total Checkouts Full call number Barcode Date last seen Price effective from Koha item type
    Dewey Decimal Classification     Juvenile Fiction Footprints International School Library Network Toul Kork Campus Footprints International School Library Network Toul Kork Campus TK Primary Library Room(4th Floor), Bookcase 3&4, Shelves 17-32, Yellow Books 11/08/2023   BAR 398.8 PZ8.B2344 FISBK00157 11/08/2023 11/08/2023 Books